El Arte rupestre de América / por P. Bosch Gimpera
Descripción Física:
p. 269-282 : il., amb làm. ; 27 cm
Colección:
Monografías ; 7
MARC
| LEADER | 00000nam a2200000Ia 4500 | ||
|---|---|---|---|
| 001 | 7796 | ||
| 008 | 160829s1964 xx 000 0 cat d | ||
| 080 | |a FU-21-25 | ||
| 100 | 1 | |a Bosch Gimpera, P. |q (Pere), |d 1891-1974 |9 35533 | |
| 245 | |a El Arte rupestre de América / por P. Bosch Gimpera | ||
| 260 | |a Barcelona : |b Diputación. Instituto de Prehistoria y Arqueología, |c 1964 | ||
| 300 | |a p. 269-282 : |b il., amb làm. ; |c 27 cm | ||
| 490 | |a Monografías ; 7 | ||
| 590 | |a Separata de: Miscelánea en Homenaje al Abate Henri Breuil | ||
| 650 | |a Art prehistòric |x Amèrica |9 31776 | ||
| 650 | |a Pintura rupestre |x Amèrica |9 31777 | ||
| 650 | |a Petroglifs |x Amèrica I |9 31778 | ||
| 650 | |a Amèrica |x Arqueologia |9 31779 | ||
| 710 | 2 | |a Instituto de Prehistoria y Arqueología (Barcelona, Catalunya) |9 54255 | |
| 901 | |a Arxiu | ||
| 942 | |n 1 |2 udc | ||
| 952 | |0 0 |1 0 |4 0 |6 FU2125 |7 1 |9 45754 |a Arxiu |b Arxiu |d 2016-12-01 |l 0 |o FU-21-25 |p 7796 |r 2016-12-01 00:00:00 |w 2016-12-01 |y ARXIU | ||
| 999 | |c 49254 |d 49254 | ||